Собрание сочинений Генрика Ибсена. Т. 4: ["Гедда Габлер" | "Маленький Эйольф" | "Женщина с моря" | "Речь к норвежским студентам" | "Сон" | "Первая драма"] (Запись № 4361215)

Подробности
000 -МАРКЕР
контрольное поле 01591nam2a22003971 4500
001 - ИДЕНТИФИКАТОР ЗАПИСИ
контрольное поле v19\rc\1600754
005 - ИДЕНТИФИКАТОР ВЕРСИИ
контрольное поле 20250618221114.0
035 ## - ДРУГИЕ СИСТЕМНЫЕ НОМЕРА
Идентификатор записи (NLR Aleph) 004723192
100 ## - ДАННЫЕ ОБЩЕЙ ОБРАБОТКИ
Данные общей обработки 20061002d1896 |||y0rusy50 ca
101 1# - ЯЗЫК РЕСУРСА
Язык текста, звукозаписи и т.д. русский
Язык оригинала норвежский
-- норвежский
-- норвежский
-- норвежский
-- норвежский
-- норвежский
102 ## - СТРАНА ПУБЛИКАЦИИ ИЛИ ПРОИЗВОДСТВА
Страна публикации Российская Федерация
105 ## - ПОЛЕ КОДИРОВАННЫХ ДАННЫХ: ТЕКСТОВЫЕ МАТЕРИАЛЫ, МОНОГРАФИЧЕСКИЕ
Кодированные данные о монографическом текстовом документе y z |||a|
200 1# - ЗАГЛАВИЕ И СВЕДЕНИЯ ОБ ОТВЕТСТВЕННОСТИ
Основное заглавие ["Гедда Габлер"
-- "Маленький Эйольф"
-- "Женщина с моря"
-- "Речь к норвежским студентам"
-- "Сон"
-- "Первая драма"]
210 ## - ПУБЛИКАЦИЯ, РАСПРОСТРАНЕНИЕ И ДР.
Дата издания, распространения и т.д. 1896
Место издания, распространения и т.д. Б. м.
215 ## - ФИЗИЧЕСКАЯ ХАРАКТЕРИСТИКА
Специфическое обозначение материала и объем 333, [2] с.
461 #0 - УРОВЕНЬ НАБОРА
Встроенное поле 001v19\rc\1600750
-- 2001#$aСобрание сочинений Генрика Ибсена$eТ. 1-6$vТ. 4
-- 700#1$aИбсен$bГ.$f1828-1906$gГенрик$3RU\NLR\AUTH\7729701
Системный номер (АБИС) связанной записи 4361164
Автор Ибсен, Г. (1828-1906)
Место публикации Санкт-Петербург
Дата публикации 1896-1897
Имя издателя, распространителя и т.д. И. Юровский
Сведения, относящиеся к заглавию Т. 1-6
Физическая характеристика 6 т.
Заглавие Собрание сочинений Генрика Ибсена
Номер тома Т. 4
532 13 - РАСШИРЕННОЕ ЗАГЛАВИЕ
Заглавие Геда Габлер
532 13 - РАСШИРЕННОЕ ЗАГЛАВИЕ
Заглавие Маленький Эйольф
532 13 - РАСШИРЕННОЕ ЗАГЛАВИЕ
Заглавие Женщина с моря
532 13 - РАСШИРЕННОЕ ЗАГЛАВИЕ
Заглавие Речь к норвежским студентам
532 13 - РАСШИРЕННОЕ ЗАГЛАВИЕ
Заглавие Сон
532 13 - РАСШИРЕННОЕ ЗАГЛАВИЕ
Заглавие Первая драма
801 #0 - ИСТОЧНИК ЗАПИСИ
Страна Российская Федерация
Организация NLR
Правила каталогизации psbo
801 #0 - ИСТОЧНИК ЗАПИСИ
Страна Российская Федерация
Организация RuMoRGB
Источник данных psbo
801 #1 - ИСТОЧНИК ЗАПИСИ
Страна Российская Федерация
Организация ProSoft-M
Источник данных rusmarc
852 ## - МЕСТОНАХОЖДЕНИЕ И ШИФР ХРАНЕНИЯ
Идентификатор организации NLR
Шифр хранения (Call Number) 129/624
899 ## - ДАННЫЕ О МЕСТОНАХОЖДЕНИИ (устаревшее)
Местонахождение RuMoRGB
Шифр хранения V 291/68
899 ## - ДАННЫЕ О МЕСТОНАХОЖДЕНИИ (устаревшее)
Местонахождение RuMoRGB
Шифр хранения Рб 10/2390
899 ## - ДАННЫЕ О МЕСТОНАХОЖДЕНИИ (устаревшее)
Местонахождение RuMoRGB
Шифр хранения M 41/109
899 ## - ДАННЫЕ О МЕСТОНАХОЖДЕНИИ (устаревшее)
Местонахождение БАН
899 ## - ДАННЫЕ О МЕСТОНАХОЖДЕНИИ (устаревшее)
Местонахождение НБ СПбГУ
899 ## - ДАННЫЕ О МЕСТОНАХОЖДЕНИИ (устаревшее)
Местонахождение ГПИБ
942 ## - ДОПОЛНИТЕЛЬНЫЕ ЭЛЕМЕНТЫ ЗАПИСИ (АБИС)
Тип экземпляра АБИС Книга
980 ## - КОЛЛЕКЦИЯ
Название коллекции Национальная библиография
Экземпляры
Тип экземпляра Дата поступления Библиотека постоянного хранения Библиотека текущего хранения Место хранения Шифр хранения Штрих-код Статус экземпляра
Книга 26.10.2013 РНБ (Московский) РНБ (Московский) Неопределен, для заказа не доступен, в ЭК виден   4723192-50  
Книга 26.10.2013 РНБ (Московский) РНБ (Московский) Неопределен, для заказа не доступен, в ЭК виден   4723192-60  
Книга 26.10.2013 РНБ (Московский) РНБ (Московский) Неопределен, для заказа не доступен, в ЭК виден   4723192-70  
Книга 26.10.2013 РНБ (Садовая) РНБ (Садовая) Русский книжный фонд -Главное здание, Ленинский читальный зал 129/624 4723192-10